| 000 | 00923nam a2200265 a 4500 | ||
|---|---|---|---|
| 001 | BRCA_4141 | ||
| 005 | 20190320204547.0 | ||
| 008 | 150410s1943----mx-a######---#000-0#spa-# | ||
| 041 | _aspa | ||
| 044 | _amx | ||
| 050 | 4 |
_aNA757.M4 _b.C47 1943 |
|
| 100 | 1 |
_aCervantes, Enrique A. _d1935- _910686 |
|
| 245 | 1 | 0 |
_aMérida en el año de 1942 _cEnrique A. Cervantes ; introducción de F. Ignacio Rubio Mañé. |
| 260 |
_aMéxico _bE. A. Cervantes _c1943 |
||
| 300 |
_axv p. _bil., 50 fotos _c29 cm. |
||
| 500 | _aHomenaje del autor a la ciudad de Mérida en el IV Centenario de su fundación, efectuado el 6 de enero de 1942 | ||
| 500 | _aEjemplar numerado 267 de 300 | ||
| 500 | _aC170 | ||
| 650 | 1 | 4 |
_aArquitectura _zMérida, Yucatán _910687 |
| 650 | 1 | 4 |
_aArquitectura _zMéxico _9596 |
| 651 | 4 |
_aMérida, Yucatán _xDescripción _910688 |
|
| 700 | 1 |
_aRubio Mañé, F. Ignacio _910689 |
|
| 902 | _aGFM | ||
| 942 |
_2lcc _cB |
||
| 999 |
_c3857 _d3857 |
||